| 000 | 00743cam a22002292 4500 | ||
|---|---|---|---|
| 001 | 0000006272 | ||
| 005 | 20151217145831.0 | ||
| 008 | 071009s xx 000 0 eng d | ||
| 020 |
_a8177581112 : _cKES 3160 |
||
| 040 |
_aKABU _cKABU |
||
| 100 | 1 |
_aTurban, Efraim. _@0000148462 |
|
| 245 | 1 | 0 |
_aDecision support systems and intelligent systems. / _cEfraim Turban, Jay E. Aronson, Ting-Peng Liang. |
| 250 | _a7th ed. | ||
| 260 |
_aNew Delhi : _bDorling Kindersley, _c2005. |
||
| 300 | _a904 p. | ||
| 650 | 0 |
_aManagement information systems. _@0000148209 |
|
| 700 | 1 |
_aAronson, Jay E. _@0000150516 |
|
| 700 | 1 |
_aLiang, Ting-Peng. _@0000157683 |
|
| 908 | _a071009 | ||
| 950 | _@1 | ||
| 999 |
_c3084 _d3084 |
||